000 00424nam a2200133Ia 4500
005 20260328104253.0
008 260328s9999||||xx |||||||||||||| ||und||
100 _aSoto Curiel, Carlos Daniel
245 0 _aGlosario de Términos usados en Diseño Industrial /
_cCarlos Daniel Soto Curiel
260 _bCentro de Investigaciones de Diseño Industrial (CIDI)
300 _a34 p.
650 _aDISEÑO INDUSTRIAL
942 _cBK
999 _c10340
_d10340